Escola de Viticultura i enologia Merçè Rossell i Domènech
Descripción Física:
1 tríptic ; 21 cm
MARC
| LEADER | 00000nam a2200000Ia 4500 | ||
|---|---|---|---|
| 001 | 24271 | ||
| 008 | 160829s9999 xx 000 0 cat d | ||
| 080 | |a FU-64-110 | ||
| 245 | |a Escola de Viticultura i enologia Merçè Rossell i Domènech | ||
| 260 | |a [Barcelona] : |b Diputació de Barcelona. Àrea d'Educació, DL 2003 | ||
| 300 | |a 1 tríptic ; |c 21 cm | ||
| 610 | 2 | 0 | |a Escola de Viticultura i Enologia Mercè Rossell i Domènech |v Guies |9 56224 |
| 650 | |a Formació professional |x Sant Sadurní d'Anoia |9 49745 | ||
| 650 | 0 | |a Vinicultura |9 30930 | |
| 650 | 0 | |a Viticultura |9 20101 | |
| 710 | |a Barcelona (Catalunya : Província). |b Àrea d'Educació |9 8009 | ||
| 710 | 2 | |a Escola de Viticultura i Enologia Mercè Rossell i Domènech |9 56222 | |
| 901 | |a Arxiu | ||
| 942 | |n 1 | ||
| 952 | |0 0 |1 0 |4 0 |6 FU64110 |7 1 |9 55571 |a Arxiu |b Arxiu |d 2016-12-01 |l 0 |o FU-64-110 |p 24271 |r 2016-12-01 00:00:00 |w 2016-12-01 |y ARXIU | ||
| 999 | |c 59444 |d 59444 | ||